000 00382nam a2200169Ia 4500
005 20250423101417.0
008 250422s9999 xx 000 0 und d
020 _a0- 440- 22165- X
050 _aPS 3557 .R5355 R35/
100 _aGrisham, John
245 4 _aThe rainmaker
260 _aNew York
260 _bIsland Books
260 _c1995
300 _a598 p
942 _cBK
999 _c36225
_d36225